The Victorian church, part 2 / (Record no. 42984)
[ view plain ]
| 000 -LEADER | |
|---|---|
| fixed length control field | 00915cam a2200289 4500 |
| 001 - CONTROL NUMBER | |
| control field | 11144264 |
| 005 - DATE AND TIME OF LATEST TRANSACTION | |
| control field | 20180903021904.0 |
| 008 - FIXED-LENGTH DATA ELEMENTS--GENERAL INFORMATION | |
| fixed length control field | 840912s1972 enk- o000 0 eng d |
| 020 ## - INTERNATIONAL STANDARD BOOK NUMBER | |
| International Standard Book Number | 713610204 |
| 035 ## - SYSTEM CONTROL NUMBER | |
| System control number | ocm11144264 |
| 100 1# - MAIN ENTRY--PERSONAL NAME | |
| Personal name | Chadwick, Owen. |
| 245 14 - TITLE STATEMENT | |
| Title | The Victorian church, part 2 / |
| Statement of responsibility, etc | Owen Chadwick. |
| 250 ## - EDITION STATEMENT | |
| Edition statement | Second edition, with minor corrections. |
| 260 ## - PUBLICATION, DISTRIBUTION, ETC. (IMPRINT) | |
| Place of publication, distribution, etc | London : |
| Name of publisher, distributor, etc | Adam and Charles Black |
| Date of publication, distribution, etc | c1970 |
| 300 ## - PHYSICAL DESCRIPTION | |
| Extent | viii, 510 p. ; |
| Dimensions | 24 cm. |
| 336 ## - CONTENT TYPE | |
| Content Type Term | text |
| 337 ## - MEDIA TYPE | |
| Media Type Term | unmediated |
| 338 ## - CARRIER TYPE | |
| Carrier Type Term | volume |
| 490 1# - SERIES STATEMENT | |
| Series statement | An Ecclesiastical history of England ; |
| Volume number/sequential designation | v.8. |
| 500 ## - GENERAL NOTE | |
| General note | Covers period 1860-1901. (Cf. half-title page). |
| 651 #0 - SUBJECT ADDED ENTRY--GEOGRAPHIC NAME | |
| Geographic name | Great Britain |
| General subdivision | Church history |
| Chronological subdivision | 19th century. |
| 651 #0 - SUBJECT ADDED ENTRY--GEOGRAPHIC NAME | |
| Geographic name | Great Britain |
| General subdivision | Church history. |
| 830 #0 - SERIES ADDED ENTRY--UNIFORM TITLE | |
| Uniform title | Ecclesiastical history of England ; |
| Volume number/sequential designation | v. 8. |
| 942 ## - ADDED ENTRY ELEMENTS (KOHA) | |
| Source of classification or shelving scheme | Library of Congress Classification |
| Item type | Books |
| 946 #1 - LOCAL PROCESSING INFORMATION (OCLC) | |
| a | 01-2467755 |
| 949 ## - LOCAL PROCESSING INFORMATION (OCLC) | |
| a | BR743.2.E3 no.8, 1972 |
| e | RUW |
| Withdrawn status | Lost status | Source of classification or shelving scheme | Damaged status | Not for loan | Home library | Current library | Shelving location | Date acquired | Source of acquisition | Inventory number | Total Checkouts | Full call number | Barcode | Date last seen | Price effective from | Koha item type |
|---|---|---|---|---|---|---|---|---|---|---|---|---|---|---|---|---|
| Library of Congress Classification | BSOP Library | BSOP Library | GC | 09/03/2018 | Donation by Drs. George and Anne Harper | 42459 | BR743.2 C34 1970 v.VIII.2 | 00053459 | 09/03/2018 | 09/03/2018 | Books |
